00493 2200181 4500001002100000005001500021035002000036245008600056100001900142250000600161300003300167260004000200082000800240084001400248020001800262600001900280990001200299INLIS00000000000335520260211100958 a0010-02260000211 aENSIKLOPEDIA IPTEK :bEnsiklopedia Sains untuk Pelajar dan Umum /cJulian Holland0 aJulian Holland aV a96 hlm :bilus ;c21 x 30 cm aJakarta :bPT. Lentera Abadi,c2007 a903 a903 JUL e a979-3535-05-9 4aJulian Holland a0750978